000 nam a22 7a 4500
999 _c331179
_d331179
003 NUST
005 20170921110440.0
008 170921b xxu||||| |||| 00| 0 eng d
020 _a0954224507
040 _cNUST
082 _a954.913
_bTOR
100 _aTorsello, Kash Gabriele
_94736
245 _aThe heart of Kashmir /
_cby Kash Gabriele Torsello
260 _aLondon:
_bKash GT,
_c2002
300 _bill. colr
650 _aKashmir- Pictures
_94737
942 _2ddc
_cBK